<?xml version="1.0" encoding="UTF-8"?>
<marc:record xmlns:marc="http://www.loc.gov/MARC21/slim" type="Bibliographic">
   <marc:leader>00000nam a2200000 c 4500</marc:leader>
   <marc:controlfield tag="001">880298855</marc:controlfield>
   <marc:controlfield tag="003">DE-101</marc:controlfield>
   <marc:controlfield tag="005">20171202123111.0</marc:controlfield>
   <marc:controlfield tag="007">tu</marc:controlfield>
   <marc:controlfield tag="008">880308s1987    gw ||||| m||| 00||||ger  </marc:controlfield>
   <marc:datafield ind1=" " ind2=" " tag="015">
      <marc:subfield code="a">88,A12,0104</marc:subfield>
      <marc:subfield code="2">dnb</marc:subfield>
   </marc:datafield>
   <marc:datafield ind1="7" ind2=" " tag="016">
      <marc:subfield code="2">DE-101</marc:subfield>
      <marc:subfield code="a">880298855</marc:subfield>
   </marc:datafield>
   <marc:datafield ind1=" " ind2=" " tag="020">
      <marc:subfield code="a">9783871631658</marc:subfield>
      <marc:subfield code="c">kart. : DM 78.00</marc:subfield>
      <marc:subfield code="9">978-3-87163-165-8</marc:subfield>
   </marc:datafield>
   <marc:datafield ind1=" " ind2=" " tag="020">
      <marc:subfield code="a">3871631655</marc:subfield>
      <marc:subfield code="c">kart. : DM 78.00</marc:subfield>
      <marc:subfield code="9">3-87163-165-5</marc:subfield>
   </marc:datafield>
   <marc:datafield ind1=" " ind2=" " tag="035">
      <marc:subfield code="a">(DE-599)DNB880298855</marc:subfield>
   </marc:datafield>
   <marc:datafield ind1=" " ind2=" " tag="035">
      <marc:subfield code="a">(OCoLC)722114509</marc:subfield>
   </marc:datafield>
   <marc:datafield ind1=" " ind2=" " tag="040">
      <marc:subfield code="a">1200</marc:subfield>
      <marc:subfield code="b">ger</marc:subfield>
      <marc:subfield code="c">DE-101</marc:subfield>
      <marc:subfield code="d">9999</marc:subfield>
   </marc:datafield>
   <marc:datafield ind1=" " ind2=" " tag="041">
      <marc:subfield code="a">ger</marc:subfield>
   </marc:datafield>
   <marc:datafield ind1=" " ind2=" " tag="044">
      <marc:subfield code="c">XA-DE</marc:subfield>
   </marc:datafield>
   <marc:datafield ind1=" " ind2=" " tag="084">
      <marc:subfield code="a">10</marc:subfield>
      <marc:subfield code="a">12</marc:subfield>
      <marc:subfield code="a">100</marc:subfield>
      <marc:subfield code="q">DE-101</marc:subfield>
      <marc:subfield code="2">sdnb</marc:subfield>
   </marc:datafield>
   <marc:datafield ind1=" " ind2=" " tag="084">
      <marc:subfield code="a">4.7p</marc:subfield>
      <marc:subfield code="a">3.6p</marc:subfield>
      <marc:subfield code="a">4.3</marc:subfield>
      <marc:subfield code="a">3.4a</marc:subfield>
      <marc:subfield code="a">4.7p</marc:subfield>
      <marc:subfield code="a">3.6p</marc:subfield>
      <marc:subfield code="a">4.3</marc:subfield>
      <marc:subfield code="q">DE-101</marc:subfield>
      <marc:subfield code="2">sswd</marc:subfield>
   </marc:datafield>
   <marc:datafield ind1="1" ind2=" " tag="100">
      <marc:subfield code="0">(DE-588)111608708</marc:subfield>
      <marc:subfield code="0">http://d-nb.info/gnd/111608708</marc:subfield>
      <marc:subfield code="0">(DE-101)111608708</marc:subfield>
      <marc:subfield code="a">Speer, Andreas</marc:subfield>
      <marc:subfield code="d">1957-</marc:subfield>
      <marc:subfield code="e">Verfasser</marc:subfield>
      <marc:subfield code="4">aut</marc:subfield>
   </marc:datafield>
   <marc:datafield ind1="0" ind2="0" tag="245">
      <marc:subfield code="a">Triplex veritas</marc:subfield>
      <marc:subfield code="b">Wahrheitsverständnis u. philos. Denkform Bonaventuras</marc:subfield>
      <marc:subfield code="c">Andreas Speer</marc:subfield>
   </marc:datafield>
   <marc:datafield ind1=" " ind2="1" tag="264">
      <marc:subfield code="a">Werl/Westfalen</marc:subfield>
      <marc:subfield code="b">Dietrich-Coelde-Verl.</marc:subfield>
      <marc:subfield code="c">1987</marc:subfield>
   </marc:datafield>
   <marc:datafield ind1=" " ind2=" " tag="300">
      <marc:subfield code="a">233 S.</marc:subfield>
      <marc:subfield code="c">24 cm</marc:subfield>
   </marc:datafield>
   <marc:datafield ind1=" " ind2=" " tag="336">
      <marc:subfield code="a">Text</marc:subfield>
      <marc:subfield code="b">txt</marc:subfield>
      <marc:subfield code="2">rdacontent</marc:subfield>
   </marc:datafield>
   <marc:datafield ind1=" " ind2=" " tag="337">
      <marc:subfield code="a">ohne Hilfsmittel zu benutzen</marc:subfield>
      <marc:subfield code="b">n</marc:subfield>
      <marc:subfield code="2">rdamedia</marc:subfield>
   </marc:datafield>
   <marc:datafield ind1=" " ind2=" " tag="338">
      <marc:subfield code="a">Band</marc:subfield>
      <marc:subfield code="b">nc</marc:subfield>
      <marc:subfield code="2">rdacarrier</marc:subfield>
   </marc:datafield>
   <marc:datafield ind1="1" ind2=" " tag="490">
      <marc:subfield code="a">Franziskanische Forschungen</marc:subfield>
      <marc:subfield code="v">H. 32</marc:subfield>
   </marc:datafield>
   <marc:datafield ind1=" " ind2=" " tag="502">
      <marc:subfield code="a">Zugl.: Bonn, Univ., Diss., 1985/86</marc:subfield>
   </marc:datafield>
   <marc:datafield ind1="0" ind2="7" tag="600">
      <marc:subfield code="0">(DE-588)118513176</marc:subfield>
      <marc:subfield code="0">http://d-nb.info/gnd/118513176</marc:subfield>
      <marc:subfield code="0">(DE-101)118513176</marc:subfield>
      <marc:subfield code="a">Bonaventura</marc:subfield>
      <marc:subfield code="c">Heiliger</marc:subfield>
      <marc:subfield code="d">1221-1274</marc:subfield>
      <marc:subfield code="2">gnd</marc:subfield>
   </marc:datafield>
   <marc:datafield ind1="0" ind2="7" tag="600">
      <marc:subfield code="0">(DE-588)118513176</marc:subfield>
      <marc:subfield code="0">http://d-nb.info/gnd/118513176</marc:subfield>
      <marc:subfield code="0">(DE-101)118513176</marc:subfield>
      <marc:subfield code="a">Bonaventura</marc:subfield>
      <marc:subfield code="c">Heiliger</marc:subfield>
      <marc:subfield code="d">1221-1274</marc:subfield>
      <marc:subfield code="2">gnd</marc:subfield>
   </marc:datafield>
   <marc:datafield ind1=" " ind2="7" tag="650">
      <marc:subfield code="0">(DE-588)4064314-1</marc:subfield>
      <marc:subfield code="0">http://d-nb.info/gnd/4064314-1</marc:subfield>
      <marc:subfield code="0">(DE-101)04064314X</marc:subfield>
      <marc:subfield code="a">Wahrheit</marc:subfield>
      <marc:subfield code="2">gnd</marc:subfield>
   </marc:datafield>
   <marc:datafield ind1=" " ind2="7" tag="650">
      <marc:subfield code="0">(DE-588)4113286-5</marc:subfield>
      <marc:subfield code="0">http://d-nb.info/gnd/4113286-5</marc:subfield>
      <marc:subfield code="0">(DE-101)041132866</marc:subfield>
      <marc:subfield code="a">Denkform</marc:subfield>
      <marc:subfield code="2">gnd</marc:subfield>
   </marc:datafield>
   <marc:datafield ind1=" " ind2="7" tag="650">
      <marc:subfield code="a">Bonaventura (Heiliger)</marc:subfield>
      <marc:subfield code="2">local</marc:subfield>
   </marc:datafield>
   <marc:datafield ind1=" " ind2="7" tag="650">
      <marc:subfield code="a">Erkenntnis</marc:subfield>
      <marc:subfield code="2">local</marc:subfield>
   </marc:datafield>
   <marc:datafield ind1=" " ind2="7" tag="650">
      <marc:subfield code="a">Wahrheit</marc:subfield>
      <marc:subfield code="2">local</marc:subfield>
   </marc:datafield>
   <marc:datafield ind1=" " ind2="7" tag="655">
      <marc:subfield code="0">(DE-588)4113937-9</marc:subfield>
      <marc:subfield code="0">http://d-nb.info/gnd/4113937-9</marc:subfield>
      <marc:subfield code="0">(DE-101)041139372</marc:subfield>
      <marc:subfield code="a">Hochschulschrift</marc:subfield>
      <marc:subfield code="2">gnd-content</marc:subfield>
   </marc:datafield>
   <marc:datafield ind1="0" ind2="0" tag="689">
      <marc:subfield code="0">(DE-588)118513176</marc:subfield>
      <marc:subfield code="0">http://d-nb.info/gnd/118513176</marc:subfield>
      <marc:subfield code="0">(DE-101)118513176</marc:subfield>
      <marc:subfield code="D">p</marc:subfield>
      <marc:subfield code="a">Bonaventura</marc:subfield>
      <marc:subfield code="c">Heiliger</marc:subfield>
      <marc:subfield code="d">1221-1274</marc:subfield>
   </marc:datafield>
   <marc:datafield ind1="0" ind2="1" tag="689">
      <marc:subfield code="0">(DE-588)4064314-1</marc:subfield>
      <marc:subfield code="0">http://d-nb.info/gnd/4064314-1</marc:subfield>
      <marc:subfield code="0">(DE-101)04064314X</marc:subfield>
      <marc:subfield code="D">s</marc:subfield>
      <marc:subfield code="a">Wahrheit</marc:subfield>
   </marc:datafield>
   <marc:datafield ind1="0" ind2=" " tag="689">
      <marc:subfield code="5">DE-101</marc:subfield>
      <marc:subfield code="5">DE-101</marc:subfield>
   </marc:datafield>
   <marc:datafield ind1="1" ind2="0" tag="689">
      <marc:subfield code="0">(DE-588)118513176</marc:subfield>
      <marc:subfield code="0">http://d-nb.info/gnd/118513176</marc:subfield>
      <marc:subfield code="0">(DE-101)118513176</marc:subfield>
      <marc:subfield code="D">p</marc:subfield>
      <marc:subfield code="a">Bonaventura</marc:subfield>
      <marc:subfield code="c">Heiliger</marc:subfield>
      <marc:subfield code="d">1221-1274</marc:subfield>
   </marc:datafield>
   <marc:datafield ind1="1" ind2="1" tag="689">
      <marc:subfield code="0">(DE-588)4113286-5</marc:subfield>
      <marc:subfield code="0">http://d-nb.info/gnd/4113286-5</marc:subfield>
      <marc:subfield code="0">(DE-101)041132866</marc:subfield>
      <marc:subfield code="D">s</marc:subfield>
      <marc:subfield code="a">Denkform</marc:subfield>
   </marc:datafield>
   <marc:datafield ind1="1" ind2=" " tag="689">
      <marc:subfield code="5">DE-101</marc:subfield>
      <marc:subfield code="5">DE-101</marc:subfield>
   </marc:datafield>
   <marc:datafield ind1=" " ind2="0" tag="830">
      <marc:subfield code="a">Franziskanische Forschungen</marc:subfield>
      <marc:subfield code="v">H. 32</marc:subfield>
      <marc:subfield code="w">(DE-101)012608653</marc:subfield>
      <marc:subfield code="w">(DE-600)500534-6</marc:subfield>
      <marc:subfield code="9">232</marc:subfield>
      <marc:subfield code="7">as</marc:subfield>
   </marc:datafield>
   <marc:datafield ind1=" " ind2=" " tag="850">
      <marc:subfield code="a">DE-101a</marc:subfield>
      <marc:subfield code="a">DE-101b</marc:subfield>
   </marc:datafield>
</marc:record>
